| Tag |
First Indicator |
Second Indicator |
Subfields |
| LEADER |
00000cam a2200000 a 4500 |
| 001 |
in00000009219 |
| 005 |
20151007051512.0 |
| 008 |
870409s1987 nyu b 00110 eng |
| 010 |
|
|
|a 87009723
|
| 020 |
|
|
|a 0312009216 :
|c $25.00 (est.)
|
| 035 |
|
|
|a (OCoLC)15588747
|
| 035 |
|
|
|9 AAA3297AM
|
| 040 |
|
|
|a DLC
|c DLC
|d TXA
|d UtOrBLW
|
| 049 |
|
|
|a TXAM
|c [A12628609]
|
| 050 |
0 |
0 |
|a D13.2
|b .R54 1987
|
| 082 |
0 |
|
|a 907/.2
|2 19
|
| 100 |
1 |
|
|a Rigby, S. H.
|q (Stephen Henry),
|d 1955-
|
| 245 |
1 |
0 |
|a Marxism and history :
|b a critical introduction /
|c S.H. Rigby.
|
| 264 |
|
1 |
|a New York :
|b St. Martin's Press,
|c 1987.
|
| 300 |
|
|
|a 314 pages ;
|c 23 cm.
|
| 336 |
|
|
|a text
|b txt
|2 rdacontent
|
| 337 |
|
|
|a unmediated
|b n
|2 rdamedia
|
| 338 |
|
|
|a volume
|b nc
|2 rdacarrier
|
| 504 |
|
|
|a Bibliography: pages 302-310.
|
| 500 |
|
|
|a Includes index.
|
| 650 |
|
0 |
|a Historiography.
|
| 650 |
|
0 |
|a Socialism.
|
| 650 |
|
0 |
|a Historical materialism.
|
| 999 |
|
|
|a MARS
|
| 999 |
f |
f |
|s 9a7a2b73-ab02-3b2b-8ce1-d49b6e0f8b39
|i 3a61ec49-0fa1-3915-bf3d-7145800ca2c6
|t 0
|
| 952 |
f |
f |
|p ric
|a Texas A&M University
|b Rellis Campus
|c Joint Library Facility
|d Remote Storage
|t 0
|e D13.2 .R54 1987
|h Library of Congress classification
|i unmediated -- volume
|m A14812628609
|
| 998 |
f |
f |
|a D13.2 .R54 1987
|t 0
|l Remote Storage
|